History Quiz

Random History or Famous Quiz

Famous Mayflower Descendants Quiz Stats

Quiz Updated Oct 7, 2015

Challenge
Share
Tweet
Score 0/20 Timer 08:00
5 Plays Today
Row Descendant % Correct
Marilyn Monroe (John Alden)
98.1%
Sarah Palin (Henry Samson)
96.1%
Alec Baldwin (John Howland)
90.5%
Clint Eastwood (William Bradford)
89.1%
Hugh Hefner (William Bradford)
84.7%
Franklin D. Roosevelt (Richard Warren)
84.6%
Christopher Reeve (William Bradford)
83.8%
Richard Gere (Samuel Fuller)
81.4%
Barbara Bush (Henry Samson)
74.8%
Ulysses S. Grant (Richard Warren)
71.9%
Row Descendant % Correct
John Adams (John Alden)
69.4%
Humphrey Bogart (John Howland)
65.3%
Dick Van Dyke (Peter Browne)
65.3%
Bing Crosby (William Brewster)
53.5%
Dan Quayle (Myles Standish)
49.9%
Christopher Lloyd (John Howland)
48.8%
Orson Welles (John Alden)
40.4%
James A. Garfield (Francis Billington)
31.9%
Zachary Taylor (William Brewster)
25.9%
Anna Mary 'Grandma' Moses (Francis Cooke)
19.5%

You're not logged in!

Compare scores with friends on all Sporcle quizzes.
Join for Free
OR
Log In

You Might Also Like...

Show Comments

Extras

Top Quizzes Today


Score Distribution

Your Account Isn't Verified!

In order to create a playlist on Sporcle, you need to verify the email address you used during registration. Go to your Sporcle Settings to finish the process.

Report this User

Report this user for behavior that violates our Community Guidelines.

Details: